• 首页
  • 本馆介绍
  • 公告通知
  • 最新文献
  • 馆藏检索
  • 电子资源
  • 读者导购
  • 参考咨询
  • 我的图书馆
  • 登录
  • 详细信息显示
  • 放入我的书架
  • 预约/预借图书
  • 作者相关作品
  • 分类相关作品
  • 丛书相关作品
  • 出版社相关作品

书目信息

  • 表格格式
  • 工作单格式
  • 卡片格式
题名:
人工智能背景下图像处理技术的应用研究
    
 
作者: 蓝敏 , 殷正坤 著
分册:  
出版信息: 北京   北京工业大学出版社  2018
页数: 132页
开本: 26cm
丛书名:
单 册:
中图分类: TN911.73-39 , TN911
科图分类:
主题词: 人工智能--应用--图象处理--研究
电子资源:
ISBN: 978-7-5639-6505-2
000 00905nam0 2200253 450
001 2361119808
005 20231209165857.22
010    @a978-7-5639-6505-2@dCNY46.00
100    @a20210623d2018 em y0chiy50 ea
101 0  @achi
102    @aCN@b110000
105    @aak a 000yy
200 1  @a人工智能背景下图像处理技术的应用研究@Aren gong zhi neng bei jing xia tu xiang chu li ji shu de ying yong yan jiu@f蓝敏, 殷正坤著
210    @a北京@c北京工业大学出版社@d2018
215    @a132页@c图@d26cm
320    @a有书目 (第131-132页)
330    @a本书从人工智能的相关介绍入手, 简述了图形图像技术的发展历程, 论述了人工智能背景下的图形图像处理技术的算法研究及相关技术研究。
606 0  @a人工智能@x应用@x图象处理@x研究
690    @aTN911.73-39@v5
690    @aTN911@v4
701  0 @a蓝敏@Alan min@4著
701  0 @a殷正坤@Ayin zheng kun@4著
801  0 @aCN@b湖北三新@c20210623
905    @aZUCC@dTN911@e11
    
    人工智能背景下图像处理技术的应用研究/蓝敏, 殷正坤著.-北京:北京工业大学出版社,2018
    132页:图;26cm
    
    
    ISBN 978-7-5639-6505-2:CNY46.00
    本书从人工智能的相关介绍入手, 简述了图形图像技术的发展历程, 论述了人工智能背景下的图形图像处理技术的算法研究及相关技术研究。
●
相关链接 在五车中查询图书 在当当中查询图书 在豆瓣中查询图书


正题名:人工智能背景下图像处理技术的应用研究     索取号:TN911/11         预约/预借

序号 登录号 条形码 馆藏地/架位号 状态 备注
1 2001385000   2001385000   516书库/ [索取号:TN911/11] 在馆    
2 2001385001   2001385001   516书库/ [索取号:TN911/11] 在馆    
3 2001385002   2001385002   516书库/ [索取号:TN911/11] 在馆    
4 2001385003   2001385003   516书库/ [索取号:TN911/11] 在馆    
5 2001385004   2001385004   516书库/ [索取号:TN911/11] 在馆    
6 2001385005   2001385005   315书库/ [索取号:TN911/11] 在馆    
7 2001385006   2001385006   315书库/ [索取号:TN911/11] 在馆    
8 2001385007   2001385007   315书库/ [索取号:TN911/11] 在馆    
9 2001385008   2001385008   315书库/ [索取号:TN911/11] 在馆    
10 2001385009   2001385009   315书库/ [索取号:TN911/11] 在馆    
11 2001385010   2001385010   315书库/ [索取号:TN911/11] 在馆    
12 2001385011   2001385011   516书库/ [索取号:TN911/11] 在馆    
13 2001385012   2001385012   516书库/ [索取号:TN911/11] 在馆    
14 2001385013   2001385013   516书库/ [索取号:TN911/11] 在馆    
15 2001385014   2001385014   516书库/ [索取号:TN911/11] 在馆    
16 2001385015   2001385015   516书库/ [索取号:TN911/11] 在馆    
17 2001385016   2001385016   516书库/ [索取号:TN911/11] 在馆    
18 2001385017   2001385017   516书库/ [索取号:TN911/11] 在馆    
19 2001385018   2001385018   516书库/ [索取号:TN911/11] 在馆    
20 2001385019   2001385019   516书库/ [索取号:TN911/11] 在馆    
21 2001385020   2001385020   516书库/ [索取号:TN911/11] 在馆    
22 2001385021   2001385021   516书库/ [索取号:TN911/11] 在馆    
23 2001385022   2001385022   516书库/ [索取号:TN911/11] 在馆    
24 2001385023   2001385023   516书库/ [索取号:TN911/11] 在馆    
25 2001385024   2001385024   516书库/ [索取号:TN911/11] 在馆    
26 2001385025   2001385025   516书库/ [索取号:TN911/11] 在馆    
27 2001385026   2001385026   516书库/ [索取号:TN911/11] 在馆    
28 2001385027   2001385027   516书库/ [索取号:TN911/11] 在馆    
29 2001385028   2001385028   516书库/ [索取号:TN911/11] 在馆    
30 2001385029   2001385029   516书库/ [索取号:TN911/11] 在馆    
山东省滨州职业学院图书馆 欢迎您!
大连网信软件有限公司© 版权所有